000 00659nam a2200241 i 4500
001 C2-0090193
003 PPAK
005 20180727091917.0
008 970511s1989 at a|||| ||||| | eng d
020 _a0195548043
040 _aPPAK
_beng
_cPPAK
_erda
082 0 4 _a372.5
_223
090 0 0 _a372.5
_bROW
_dG
100 1 _aRowe, Gaelene,
_eauthor
245 1 0 _aGuiding young artists
264 1 _aMelbourne :
_bOxford University Press ,
_c1989
300 _a89 pages :
_billustrations ;
_c26 cm
336 _2rdacontent
_atext
337 _2rdamedia
_aunmediated
338 _2rdacarrier
_avolume
650 1 0 _aArt - Study and teaching
942 _ddc
_cB
999 _c18766
_d18766